000 00509nam a22001697a 4500
003 OSt
005 20171028120542.0
008 171028b xxu||||| |||| 00| 0 eng d
040 _aLDCLIB
_cLDCLIB
082 _222
_a342.676
_bANN
245 _aAnnual State of Constitutionalism in East Africa 2014 /
_cedited by Winnie Mitullah.
260 _aKampala :
_bFountain Publishers,
_cc2016.
300 _a222 p. ;
_c23 cm.
650 _aConstitutionalism
_zEast Africa
700 _aMitullah, Winnie.
942 _2ddc
_cBK
999 _c8538
_d8538